Datum a čas kvízu
31.5
Celkem bodů
Celkový počet nahraných bodů na tomto kvízu bez doplňovacích otázek.
4.
Pořadí na kvízu
Konečné umístění týmu na tomto kvízu.
Zaznamenané odpovědi
| # | Otázka | Odpověď | Body | Výsledky |
|---|---|---|---|---|
| 1. | Ve čtvrtek se konala inaugurac... | Dagmar Havlová | 1 | |
| 2. | V jistém evropském hlavním měs... | v Berlíně | 0 | |
| 3. | Ve čtvrtek měl premiéru v česk... | Vřískot / Scream | 1 | |
| 4. | Skupina ČEZ postaví největší a... | v Ostravě | 0 | |
| 5. | Minulý týden začaly zápasy pře... | 1D 2A 3B 4C | 0 | |
| 6. | Definicí oblasti Skandinávie j... | Modrozubý | 0 | |
| 7. | Mezinárodní poznávací značka Č... | S | 0 | |
| 8. | Poronkäristys je laponská spec... | sobí maso | 1 | |
| 9. | Za nejvýznamnějšího norského s... | Domeček pro panenky (též Nora) | 1 | |
| 10. | Poslední otázka se bude týkat... | C | 1 |